00854 a2200157 45000010006000000050017000060080041000230030015000640400040000790800104001192450044002232640056002673000019003235050332003421000022006742709120260407155547.0260407a1972 arg spa dAR-UNSa-BCEJYS aAR-UNSa-BCEJYSbspacAR-UNSa-BCEJYS a347.736xQuiebra. Insolvencia. Suspensión de pagos. Bancarrota, procedimientos. Derecho Concursal10aLa quiebra y demas procesos concursales 1aLa Plata :bLEP (Librería Editora Platense)c1972 a414 p.c23 cm. a1. Ley de concursos de los concursos comerciales - 2. Concurso preventivo - 3. Requisitos - 4. Apertura - 5. Trámite hasta la junta - 6. Contenido y votación del acuerdo preventivo - 7. Impugnación, homologación, cumplimiento y nulidad del acuerdo - 8. Disposiciones particulares para el acuerdo por cesión de bienes.1 aArgeri, Saúl A.